| 000 | 00562nam a2200193Ia 4500 | ||
|---|---|---|---|
| 005 | 20250326145404.0 | ||
| 008 | 250326s9999 xx 000 0 und d | ||
| 037 | _aTextbook | ||
| 040 |
_aFMSL _beng _cFMSL |
||
| 041 |
_aeng _2eng |
||
| 084 |
_aX:81(Z5W) Q0 _qFMSL |
||
| 100 |
_aKumar T V _9751072 |
||
| 245 | 0 |
_aMotivation and leadership in government and privat sector _cKumar T V And Others |
|
| 260 |
_aGurgaon _bGurgaon, Madhav _c2010 |
||
| 365 | _b675 | ||
| 650 | _aManagement | ||
| 942 |
_cTB _hX:81(Z5W) Q0 |
||
| 999 |
_c1307417 _d1307417 |
||